| 000 -LEADER | |
|---|---|
| fixed length control field | 00382nam a22001697a 4500 |
| 005 - DATE AND TIME OF LATEST TRANSACTION | |
| control field | 20260508114846.0 |
| 008 - FIXED-LENGTH DATA ELEMENTS--GENERAL INFORMATION | |
| fixed length control field | 160521b xxu||||| |||| 00| 0 eng d |
| 020 ## - INTERNATIONAL STANDARD BOOK NUMBER | |
| ISBN | 978-81-317-1104-0 |
| 041 ## - LANGUAGE CODE | |
| Language code of text/sound track or separate title | eng |
| 082 ## - DEWEY DECIMAL CLASSIFICATION NUMBER | |
| Classification number | 658.4034 |
| 100 ## - MAIN ENTRY--AUTHOR NAME | |
| Personal name | Hamdy A. Taha |
| 245 ## - TITLE STATEMENT | |
| Title | Operations Research |
| 260 ## - PUBLICATION, DISTRIBUTION, ETC. (IMPRINT) | |
| Name of publisher | Pearsons |
| Year of publication | 2009 |
| 300 ## - PHYSICAL DESCRIPTION | |
| Number of Pages | 764 |
| 650 ## - SUBJECT ADDED ENTRY--TOPICAL TERM | |
| Topical Term | Management |
| 942 ## - ADDED ENTRY ELEMENTS (KOHA) | |
| Koha item type | Books |
| Lost status | Damaged status | Collection code | Home library | Current library | Shelving location | Date acquired | Full call number | Accession Number | Koha item type |
|---|---|---|---|---|---|---|---|---|---|
| MANAGEMENT | JRU Library | JRU Library | SHELF-76-F | 21/05/2016 | 3753 | 3753 | Books | ||
| MANAGEMENT | JRU Library | JRU Library | SHELF-76-F | 21/05/2016 | 3753 | 3754 | Books | ||
| Reference | JRU Library | SHELF -72- H | 21/05/2016 | 3753 | 3755 | Books | |||
| MANAGEMENT | JRU Library | JRU Library | SHELF-35-F | 21/05/2016 | 3753 | 3756 | Books | ||
| MANAGEMENT | JRU Library | JRU Library | SHELF-76-F | 21/05/2016 | 3753 | 3757 | Books | ||
| JRU Library | 21/05/2016 | 3753 | 3758 | Books | |||||
| MANAGEMENT | JRU Library | JRU Library | 21/05/2016 | 3753 | 3759 | Books | |||
| MANAGEMENT | JRU Library | JRU Library | SHELF-76-F | 21/05/2016 | 3753 | 3760 | Books | ||
| MANAGEMENT | JRU Library | JRU Library | SHELF-76-F | 21/05/2016 | 3753 | 3761 | Books | ||
| MANAGEMENT | JRU Library | JRU Library | SHELF-76-F | 21/05/2016 | 3753 | 3762 | Books |